| 000 | 01018cam a22003011i 4500 | ||
|---|---|---|---|
| 001 | 7501532 | ||
| 003 | EG-ScBUE | ||
| 005 | 20240423133603.0 | ||
| 008 | 720901s1962 enk f b 001 0 eng d | ||
| 035 | _a(OCoLC)397874 | ||
| 040 |
_aDLC _beng _erda _cODaWU _dUk _dDLC _dEG-ScBUE |
||
| 043 | _aaw----- | ||
| 082 | 0 | 4 |
_222 _a956 _bCHI |
| 100 | 1 |
_aChilders, Erskine B., _eauthor. _99616 |
|
| 245 | 1 | 4 |
_aThe road to Suez : _ba study of the Western-Arab relations / _cErskine B. Childers. |
| 264 | 1 |
_aLondon : _bMacGibbon & Kee, _c1962. |
|
| 300 |
_a416 pages ; _c21 cm |
||
| 336 |
_2rdacontent _atext _btxt |
||
| 337 |
_aunmediated _2rdamedia _bn |
||
| 338 |
_avolume _bnc _2rdacarrier |
||
| 504 | _aIncludes bibliographical references and index. | ||
| 651 | 7 |
_aMiddle East _xPolitics and government. _2BUEsh _99617 |
|
| 651 | 7 |
_aEgypt _xHistory _y1952- _2BUEsh _911094 |
|
| 651 | 7 |
_aEgypt _xHistory _yIntervention, 1956. _2BUEsh _911095 |
|
| 655 | _vReading book | ||
| 942 |
_2ddc _cBB |
||
| 999 |
_c12972 _d12972 |
||